Statistics for Geography and history quiz

Click here to take the quiz!

General Stats

  • This quiz has been taken 80 times
  • The average score is 59 of 87

Answer Stats

HintAnswer% Correct
Most populated country in the worldChina
100%
Biggest country in the worldRussia
100%
Largest and most populated city in the USNew York City
97%
Biggest US stateAlaska
93%
German city that was divided until 1989Berlin
93%
Capital of GreeceAthens
91%
Smallest and least populated country in the worldVatican City
91%
Most populated US stateCalifornia
90%
Capital of IrelandDublin
88%
Argentina tried to invade these islands in 1982Falkland Islands
88%
Last president to be assasinatedJohn F Kennedy
88%
Leader of the USSR in WW2Joseph Stalin
88%
Smallest US stateRhode Island
88%
Country inside South AfricaLesotho
87%
First leader of the USSRVladimir Lenin
87%
Part of the UK, has a dragon on it's flagWales
87%
The island here Napoleon Bonaparte was bornCorsica
86%
Former British colony in ChinaHong Kong
86%
Trinidad and......Tobago
86%
First US president to be assasinatedAbraham Lincoln
84%
Country between France and SpainAndorra
84%
Capital of the aboveBarcelona
84%
Spyagency of the USCIA
84%
Peninsula invaded by Russia in 2014Crimea
84%
Region in Spain trying to become independantCatalonia
83%
The hamburger was named after this cityHamburg
83%
Genghis Khan ruled this countryMongolia
83%
French-speaking province in CanadaQuebec
83%
Famous kind of Japanese warriorsSamurai
83%
Capital of IndiaNew Delhi
81%
Island that claims to be the true ChinaTaiwan
81%
Used to be united with HungaryAustria
80%
Most Southern city in AfricaCape Town
80%
Bosnia and..........Herzegovina
80%
Largest mountain in JapanMount Fuji
80%
Used to be called SiamThailand
80%
War from 1939-1945World War 2
80%
Most spoken language in the worldChinese Mandarin
78%
Capital of PeruLima
78%
Capital of UruguayMontevideo
78%
War from 1914-1918World War 1
78%
Former capital of West GermanyBonn
77%
Largest island in GreeceCrete
77%
A US state and a countryGeorgia
77%
Often mistaken for all of the NetherlandsHolland
77%
Was invaded by Iraq in 1990Kuwait
75%
Defense pact made up of the US, Canada and many European countriesNATO
75%
Capital of the aboveCardiff
72%
Lead the US revolutionGeorge Washington
72%
Spy agency of the USSRKGB
72%
Most populated part of the aboveManhattan
72%
Capital of KenyaNairobi
72%
Island state of AustraliaTasmania
71%
Region in China, trying to become independantTibet
70%
Former Dutch colony in South AmericaSuriname
68%
Largest and most populated city in the worldTokyo
68%
British city that borders SpainGibraltar
65%
Capital of the aboveTaipei
65%
The man who invented the lightbulbThomas Edison
64%
Capital of FloridaTallahassee
62%
Island city in Italy, used to a independantVenice
62%
Famous animation style from JapanAnime
61%
Region disputed by China, India and PakistanJammu and Kashmir
59%
Island ownedd by Brunei, Indonesia and MalaysiaBorneo
57%
Has the busiest airport in the worldAtlanta
55%
Plague that began in 1918Spanish Flu
54%
River that means butt in GermanPo
52%
E=mc2Albert Einstein
51%
US island North Korea has threatened to nukeGuam
51%
Capital of BelizeBelmopan
48%
Founder of VietnamHo Chi Minh
48%
Used to be united with PolandLithuania
43%
Discovered electrictyBenjamin Franklin
41%
Capital of the aboveLhasa
38%
Capital of SwitzerlandBerne
36%
Founder of CambodiaPol Pot
36%
The kind of sword they usedKatana
32%
Former Portugeese colony in ChinaMacao
32%
Founder of North KoreaKim Il-sung
25%
A bird and a countryTurkey
25%
Hosted the Winter Olympics in 2018Pyeongchang
23%
Was a monarchy until 2008Nepal
20%
US state and an iced tea brandArizona
19%
Region in Somalia trying to become independantSomaliland
19%
Peninsula divided by two countriesKorean Peninsula
17%
Last leader of the USSRMikhail Gorbachev
17%
Country that means Chritsmas island translatedKiribati
4%

Score Distribution

Percentile by Number Answered

Percent of People with Each Score

Your Score History

You have not taken this quiz